000 00712nam a22002417a 4500
003 UA-OsUOA
001 39773
007 ta
008 20060627b un ||||| |||| 00| 0 ukr d
100 _aСахарова Е.М.
700 _aПетровская В.И.
090 _a821.161.1(091)(011)
_bС22
942 _cBK
040 _aUA-OsUOA
_brus
_cUA-OsUOA
_dUA-OsUOA
245 _aЭхо русского народа. Поэзия дореволюционной России
300 _a340 с.
955 _a1
041 _arus
080 _a821.161.1(091)(011)
260 _aМ.
_bКнига
_c1985
650 7 _a82 Література. Літературознавство
_2UDC
999 _c325915
_d325915